| 000 | 00552nam a22002057a 4500 | ||
|---|---|---|---|
| 003 | OSt | ||
| 005 | 20260204143853.0 | ||
| 008 | 250624s2014 ag ||||| |||| 00| f spa d | ||
| 020 | _a978-987-072-687-6 | ||
| 040 |
_bspa _cAR-RoUNCS |
||
| 080 | _082-31(82) | ||
| 100 | 1 |
_aArlt, Roberto _d(1900-1942), _eautor |
|
| 245 | 1 | 3 |
_aEl juguete rabioso / _cRoberto Arlt. |
| 250 | _a1a ed. | ||
| 260 |
_aBuenos Aires : _bArte Gráfico Editorial Argentino, _c2014. |
||
| 300 | _a142 p. | ||
| 650 | 4 | _aLiteratura argentina | |
| 655 | 4 | _aNovelas | |
| 942 |
_2udc _cOG _n0 |
||
| 999 |
_c526 _d526 |
||